| 000 | 00497cam a2200181 4500 | ||
|---|---|---|---|
| 001 | D10013 | ||
| 008 | 090401t1982 xxu||||| |||| 00| 0 eng d | ||
| 035 | _a(Sirsi) u437 | ||
| 041 | _aeng | ||
| 050 | _a658.46 | ||
| 110 |
_aThe World Bank _93115 |
||
| 245 | _aGuidelines for the use of consultants by World Bank borrowers and by the World Bank as executing agency | ||
| 260 |
_aWashington D.C _bWorld Bank _c1982 |
||
| 300 | _av. 38p. 22cm | ||
| 350 | _a0 | ||
| 942 | _n0 | ||
| 948 | _c04/03/1997 | ||
| 999 |
_c85558 _d85558 |
||